[Event "World Blitz Women 2022"]
[Site "Almaty KAZ"]
[Date "2022.12.29"]
[Round "1.41"]
[White "Kamalidenova, Meruert"]
[Black "Kim, Kristina"]
[Result "1-0"]
[WhiteTitle "WIM"]
[BlackTitle "WCM"]
[WhiteElo "2377"]
[BlackElo "1930"]
[WhiteFideId "13712802"]
[BlackFideId "13712438"]
[EventDate "2022.12.29"]

1. e4 d5 2. exd5 Qxd5 3. Nc3 Qd6 4. d4 c6 5. Nf3 Bg4 6. Be2 e6 7. h3 Bxf3 8.
Bxf3 Nf6 9. O-O Nbd7 10. a4 Nb6 11. a5 Nbd5 12. a6 b6 13. Ne2 Be7 14. c4 Nc7 15.
Qa4 b5 16. cxb5 cxb5 17. Qb3 Nfd5 18. Nc3 Rb8 19. Bd2 O-O 20. Ne4 Qb6 21. Rfd1
Nxa6 22. Ba5 Qb7 23. Nc3 Nac7 24. Bxc7 Qxc7 25. Bxd5 exd5 26. Nxd5 Qd7 27. Re1
Bd6 28. Ra6 Rfe8 29. Rea1 b4 30. Ne3 Rb7 31. Qd3 Bb8 32. Rc1 Qb5 33. Qxb5 Rxb5
34. g3 g6 35. Kg2 Kg7 36. d5 Rd8 37. Rd1 Rc5 38. d6 Rb5 39. b3 Rb6 40. Rxb6 axb6
41. d7 b5 42. Rd5 Ba7 43. Nc2 Kf8 44. Nxb4 Bb6 45. Nc6 1-0

[Event "World Blitz Women 2022"]
[Site "Almaty KAZ"]
[Date "2022.12.29"]
[Round "1.42"]
[White "Samaganova, Aleksandra"]
[Black "Charochkina, Daria"]
[Result "0-1"]
[WhiteTitle "WFM"]
[BlackTitle "IM"]
[WhiteElo "1884"]
[BlackElo "2344"]
[WhiteFideId "13800221"]
[BlackFideId "4180917"]
[EventDate "2022.12.29"]

1. c4 e5 2. Nc3 Nf6 3. Nf3 d6 4. e3 g6 5. Be2 Bg7 6. d4 exd4 7. exd4 O-O 8. O-O
Nc6 9. h3 Bf5 10. a3 Ne4 11. Nxe4 Bxe4 12. Be3 d5 13. c5 Qd7 14. Qd2 Rfe8 15. b4
Ne7 16. Rfc1 Nf5 17. a4 Nxe3 18. Qxe3 Bxf3 19. Qxf3 Bxd4 20. Ra2 c6 21. Bd3 Re7
22. b5 Rae8 23. g3 Re6 24. Qg4 Bg7 25. Kg2 d4 26. Bc4 d3 27. Bxe6 Rxe6 28. Rd1
Qd5+ 29. Qf3 Qxa2 30. Rxd3 Bf6 31. bxc6 bxc6 32. Qf4 Qe2 33. Rd2 Qe4+ 34. Qxe4
Rxe4 35. Rd6 Re6 36. Rd7 Be7 37. Rxa7 Bxc5 38. Rc7 Re2 39. g4 Rxf2+ 40. Kh1 Ra2
41. Rxc6 Be3 42. Rc4 Kg7 43. Re4 Bb6 44. Rb4 Ba5 45. Rc4 Ra1+ 46. Kg2 Ra3 47.
Re4 Kf6 48. Rc4 Rd3 49. Rc6+ Kg7 50. Rc4 Rd5 51. Kf3 Kf6 52. Rc6+ Ke7 53. Rc4
Kd6 54. Rc8 Rd3+ 55. Kg2 Ra3 56. Rf8 Ke7 57. Rh8 Rxa4 58. Rxh7 Kf6 59. Rh8 Ra2+
60. Kf3 Ra3+ 61. Kg2 Bc7 62. Rc8 Be5 63. Rc6+ Kg5 64. Rc5 Kf4 65. Rc4+ Kg5 66.
Rc5 f6 67. Rb5 Rg3+ 68. Kf2 Rxh3 69. Kg2 Rh4 70. Kf3 Rxg4 71. Ra5 Rf4+ 72. Ke3
Rb4 73. Ra8 Kf5 74. Rc8 g5 75. Rd8 Rb3+ 76. Ke2 Kf4 77. Ra8 Rb4 78. Ra6 f5 79.
Ra8 g4 80. Re8 Rb2+ 81. Kd3 g3 82. Rg8 g2 83. Kc4 Rf2 84. Kd3 Rf3+ 85. Ke2 Rg3
86. Rf8 g1=Q 87. Rd8 Qe3+ 88. Kd1 Rg1+ 89. Kc2 Rc1# 0-1

[Event "World Blitz Women 2022"]
[Site "Almaty KAZ"]
[Date "2022.12.29"]
[Round "1.44"]
[White "Kaldarova, Ayaulym"]
[Black "Mkrtchyan, Mariam"]
[Result "0-1"]
[BlackTitle "WIM"]
[WhiteElo "1832"]
[BlackElo "2364"]
[WhiteFideId "13720503"]
[BlackFideId "13310828"]
[EventDate "2022.12.29"]

1. Nf3 d5 2. g3 Bg4 3. Bg2 Nd7 4. d4 e6 5. O-O Ngf6 6. c4 c6 7. Nc3 dxc4 8. a4
a5 9. e4 Bb4 10. Qc2 O-O 11. h3 Bh5 12. Be3 Qe7 13. Rad1 e5 14. Rfe1 Rfd8 15. g4
Bg6 16. Nd2 h5 17. g5 Nh7 18. h4 f6 19. gxf6 Nhxf6 20. Nxc4 Ng4 21. Bg5 Ndf6 22.
f3 Bxc3 23. bxc3 b5 24. axb5 cxb5 25. Nb6 Rab8 26. Nd5 Rxd5 27. fxg4 Rdd8 28. d5
b4 29. cxb4 axb4 30. Qb3 Qc5+ 31. Be3 Qc3 32. Qxc3 bxc3 33. gxh5 Bxh5 34. Rc1
Rdc8 35. Bh3 Rc4 36. d6 Bf7 37. Rc2 Nxe4 38. d7 Rd8 39. Bg5 Nf6 40. Re3 e4 41.
Rexc3 Rxc3 42. Rxc3 Kf8 43. Rc8 Ke7 44. Rc7 Be6 45. Bg2 Kd6 46. Bf4+ Ke7 47. Bg5
Rxd7 48. Bxf6+ Kxf6 49. Rxd7 Bxd7 50. Bxe4 Ke5 51. Bf3 Kf4 52. Bd1 Kg3 53. h5
Bg4 54. Bc2 Bxh5 55. Bf5 Bf3 56. Kf1 g5 57. Be6 Bg2+ 58. Kg1 Bh3 59. Bc4 Bf5 60.
Be2 Be4 61. Bb5 Bf5 62. Be2 Be4 63. Bb5 Kf4 64. Be2 Bf3 65. Bb5 g4 66. Bd7 g3
67. Bh3 Kg5 68. Bg2 Be2 69. Bd5 Kf4 70. Kg2 Bg4 71. Bc6 Be6 72. Bb7 Bc4 73. Bc6
Bd3 74. Bb7 Kg4 75. Bc8+ Kh4 76. Bb7 Bf5 77. Bd5 Bh3+ 78. Kg1 Kg5 79. Bg2 Be6
80. Bc6 Kh4 81. Bg2 Bg4 82. Kh1 Bh3 83. Bxh3 Kxh3 84. Kg1 g2 0-1

[Event "World Blitz Women 2022"]
[Site "Almaty KAZ"]
[Date "2022.12.29"]
[Round "1.45"]
[White "Voit, Daria"]
[Black "Martins de Aguiar, Marina"]
[Result "1-0"]
[WhiteTitle "WGM"]
[WhiteElo "2347"]
[BlackElo "1877"]
[WhiteFideId "4182146"]
[BlackFideId "2143321"]
[EventDate "2022.12.29"]

1. d4 Nf6 2. c4 g6 3. g3 Bg7 4. Bg2 O-O 5. Nc3 d6 6. Nf3 Nbd7 7. O-O e5 8. e4
exd4 9. Nxd4 a5 10. h3 Nc5 11. Be3 Bd7 12. Qc2 Re8 13. Rfe1 Qc8 14. Kh2 Ne6 15.
Nde2 Bc6 16. Nd5 Nd7 17. Rad1 Ndc5 18. b3 Na6 19. f4 Nec5 20. Bd4 Bxd5 21. exd5
Nb4 22. Qd2 Ncd3 23. Rf1 Rxe2 24. Qxe2 Bxd4 25. Be4 Nb2 26. Rxd4 1-0

[Event "World Blitz Women 2022"]
[Site "Almaty KAZ"]
[Date "2022.12.29"]
[Round "1.46"]
[White "Chen, Jocelyn"]
[Black "Muminova, Nafisa"]
[Result "0-1"]
[WhiteTitle "WCM"]
[BlackTitle "WGM"]
[WhiteElo "1854"]
[BlackElo "2274"]
[WhiteFideId "30947154"]
[BlackFideId "14201526"]
[EventDate "2022.12.29"]

1. e4 e6 2. d4 d5 3. Nd2 h6 4. Ngf3 Nf6 5. e5 Nfd7 6. Bd3 c5 7. c3 Nc6 8. b3 g5
9. h3 h5 10. Bb2 Be7 11. Nf1 Qa5 12. Qd2 cxd4 13. cxd4 Bb4 14. Nxg5 Bxd2+ 15.
Nxd2 Nb4 16. Bb1 Qa6 17. Ngf3 Nf8 18. a3 Nd3+ 19. Bxd3 Qxd3 20. O-O-O Bd7 21.
Nc4 Qxb3 22. Nd6+ Ke7 23. Rd2 Ng6 24. Rc2 Nf4 25. g3 Nd3+ 26. Kb1 Rac8 27. Nxc8+ 0-1

[Event "World Blitz Women 2022"]
[Site "Almaty KAZ"]
[Date "2022.12.29"]
[Round "1.47"]
[White "Beydullayeva, Govhar"]
[Black "Balakanova, Gulnar"]
[Result "1-0"]
[WhiteTitle "WGM"]
[BlackTitle "WFM"]
[WhiteElo "2387"]
[BlackElo "1743"]
[WhiteFideId "13413015"]
[BlackFideId "13705890"]
[EventDate "2022.12.29"]

1. d4 Nf6 2. c4 g6 3. Nc3 Bg7 4. e4 d6 5. h3 Nbd7 6. Be3 e5 7. d5 a5 8. g4 Nc5
9. f3 b6 10. Nge2 h6 11. Ng3 Ba6 12. b3 Qe7 13. Qc2 Rb8 14. a3 Nfd7 15. b4 axb4
16. axb4 Nxe4 17. fxe4 Bc8 18. Be2 O-O 19. O-O Qh4 20. Kg2 Kh7 21. Bf3 Rg8 22.
Qf2 Qe7 23. Be2 f6 24. Nb5 Nf8 25. Ra7 Rb7 26. Rfa1 g5 27. Rxb7 Bxb7 28. Ra7 Bc8
29. Rxc7 Qd8 30. Nf5 Ng6 31. Nfxd6 Ba6 32. Ra7 Bxb5 33. Nxb5 Qf8 34. d6 1-0

[Event "World Blitz Women 2022"]
[Site "Almaty KAZ"]
[Date "2022.12.29"]
[Round "1.48"]
[White "Kaliakhmet, Elnaz"]
[Black "Pourkashiyan, Atousa"]
[Result "0-1"]
[WhiteTitle "WFM"]
[BlackTitle "WGM"]
[WhiteElo "1786"]
[BlackElo "2321"]
[WhiteFideId "13730169"]
[BlackFideId "12502014"]
[EventDate "2022.12.29"]

1. d4 Nf6 2. c4 e6 3. Nf3 d5 4. Nc3 Be7 5. g3 O-O 6. Bg2 c6 7. O-O Nbd7 8. Qd3
b6 9. b3 Ba6 10. Bb2 Rc8 11. Rac1 c5 12. Na4 Ne4 13. Qe3 f5 14. Rfd1 Ndf6 15.
Ne5 Qe8 16. Nc3 cxd4 17. Rxd4 Bc5 18. Nxe4 fxe4 19. cxd5 exd5 20. Nd3 Bxd4 21.
Qxd4 exd3 22. exd3 Rxc1+ 23. Bxc1 Qe1+ 24. Bf1 Qxc1 0-1

[Event "World Blitz Women 2022"]
[Site "Almaty KAZ"]
[Date "2022.12.29"]
[Round "1.49"]
[White "Gvetadze, Sofio"]
[Black "Madi, Aidana"]
[Result "1-0"]
[WhiteTitle "IM"]
[WhiteElo "2298"]
[BlackElo "1583"]
[WhiteFideId "13601440"]
[BlackFideId "13722689"]
[EventDate "2022.12.29"]

1. Nf3 d5 2. g3 c5 3. Bg2 e6 4. O-O Nf6 5. d3 Be7 6. Nbd2 O-O 7. e4 Nc6 8. Re1
Rb8 9. e5 Nd7 10. Nf1 d4 11. h4 Nb6 12. N1h2 Nd5 13. Bg5 h6 14. Bxe7 Qxe7 15.
Nd2 b5 16. Qh5 f6 17. exf6 Nxf6 18. Qe2 Rb6 19. Nhf3 Nd7 20. a4 e5 21. axb5 Rxb5
22. Nc4 a6 23. Nfd2 Rb8 24. Bxc6 Bb7 25. Bxb7 Rxb7 26. Rxa6 Rbb8 27. b3 Nf6 28.
Qxe5 Qb7 29. Rb6 Qa7 30. Rxb8 Rxb8 31. Ne4 Ng4 32. Qf4 Nf6 33. Nxf6+ gxf6 34.
Qxf6 Rf8 1-0

[Event "World Blitz Women 2022"]
[Site "Almaty KAZ"]
[Date "2022.12.29"]
[Round "2.1"]
[White "Tan, Zhongyi"]
[Black "Maltsevskaya, Aleksandra"]
[Result "1/2-1/2"]
[WhiteTitle "GM"]
[BlackTitle "IM"]
[WhiteElo "2518"]
[BlackElo "2400"]
[WhiteFideId "8603642"]
[BlackFideId "24174041"]
[EventDate "2022.12.29"]

1. d4 Nf6 2. c4 g6 3. Nc3 Bg7 4. e4 d6 5. h3 O-O 6. Be3 Na6 7. Bd3 c5 8. d5 e6
9. Nf3 exd5 10. exd5 Nb4 11. Bb1 b5 12. a3 Qa5 13. O-O bxc4 14. Nd2 Nbxd5 15.
Nxc4 Nxe3 16. Nxe3 Rd8 17. Ba2 Rb8 18. b4 Qc7 19. Ncd5 Nxd5 20. Nxd5 Qb7 21. Re1
Be6 22. Rc1 Rbc8 23. Qf3 Qd7 24. bxc5 Rxc5 25. Rcd1 Bxd5 26. Bxd5 Qc7 27. h4 Be5
28. h5 Kg7 29. Qh3 Qe7 30. h6+ Kg8 31. Qf3 Qf6 32. Qxf6 Bxf6 33. Re3 Bg5 34. Rf3
Rf8 35. Bb3 Bxh6 36. Rxd6 Rc7 37. Rdf6 Bg7 38. Ra6 Be5 39. g3 Kg7 40. Kg2 Bd4
41. Rd3 Bb6 42. Ra4 Re7 43. Rf4 h5 44. a4 Rd8 45. Rdf3 Rdd7 46. Rc4 Rd6 47. Rcf4
f5 48. Rc4 Rd2 49. Rc2 Rxc2 50. Bxc2 Re2 51. Bd3 Ra2 52. Bb5 Kf6 53. Bd7 Rd2 54.
Bb5 Ke5 55. Kf1 Ke4 56. Bc6+ Ke5 57. Bb5 g5 58. Ba6 f4 59. Be2 fxg3 60. fxg3 g4
61. Rf8 Ra2 62. Re8+ Kf6 63. Rf8+ Kg7 64. Rf4 Bc7 65. Rf5 Bxg3 66. Rxh5 Rxa4 67.
Rg5+ Kf6 68. Rxg4 Ra1+ 69. Kg2 Be5 70. Rh4 a5 71. Rh6+ Kg5 72. Rh5+ Kf4 73. Bb5
Ke3 74. Rxe5+ Kd4 75. Rh5 Kc3 76. Rh4 Rb1 77. Bd7 Rb4 78. Rh3+ Kb2 79. Kf1 a4
80. Be6 a3 81. Rh2+ Kb1 82. Ba2+ Ka1 83. Bg8 Rb1+ 84. Kg2 Rb2+ 1/2-1/2

[Event "World Blitz Women 2022"]
[Site "Almaty KAZ"]
[Date "2022.12.29"]
[Round "2.2"]
[White "Mammadova, Gulnar"]
[Black "Goryachkina, Aleksandra"]
[Result "0-1"]
[WhiteTitle "IM"]
[BlackTitle "GM"]
[WhiteElo "2376"]
[BlackElo "2584"]
[WhiteFideId "13403508"]
[BlackFideId "4147103"]
[EventDate "2022.12.29"]

1. e4 c5 2. Nf3 e6 3. d4 cxd4 4. Nxd4 Nf6 5. Nc3 Nc6 6. g3 d5 7. exd5 exd5 8.
Bg2 Bg4 9. Nde2 Bb4 10. O-O Bxc3 11. bxc3 O-O 12. f3 Be6 13. Be3 Re8 14. Qd2 Rc8
15. Nd4 Na5 16. Nxe6 fxe6 17. Bd4 e5 18. Bf2 Qc7 19. Rab1 b6 20. Be1 Kh8 21. Qe2
Qc5+ 22. Kh1 d4 23. cxd4 exd4 24. Qa6 Qxc2 25. Bxa5 bxa5 26. Qxa5 Re2 27. Qa6
Rxg2 28. Qxc8+ Qxc8 29. Kxg2 h6 30. Rfc1 Qa6 31. Rb2 Nd5 32. Rd2 d3 33. Re1 Kh7
34. h4 Qa5 35. Rdd1 d2 36. Re2 Nc3 37. Rdxd2 Nxe2 38. Rxe2 Qc3 39. Kf2 a5 40. g4
a4 41. h5 Kg8 42. Kg2 Kf7 43. Kf2 Kf6 44. Kg2 a3 45. Kg3 Qc7+ 46. Kg2 Kg5 47.
Rd2 Kh4 48. Kf2 Qc5+ 49. Ke2 Kg3 50. Kd3 Kxf3 0-1

[Event "World Blitz Women 2022"]
[Site "Almaty KAZ"]
[Date "2022.12.29"]
[Round "2.3"]
[White "Charochkina, Daria"]
[Black "Stefanova, Antoaneta"]
[Result "0-1"]
[WhiteTitle "IM"]
[BlackTitle "GM"]
[WhiteElo "2344"]
[BlackElo "2442"]
[WhiteFideId "4180917"]
[BlackFideId "2902257"]
[EventDate "2022.12.29"]

1. d4 d5 2. c4 c6 3. Nc3 Nf6 4. Nf3 a6 5. a4 e6 6. Bg5 a5 7. e3 Be7 8. Bd3 Na6
9. Rc1 Nb4 10. Bb1 dxc4 11. Ne5 b6 12. Qf3 Bb7 13. O-O Ra7 14. Nxc4 h6 15. Qh3
Nbd5 16. Ne5 Nxc3 17. Rxc3 c5 18. dxc5 bxc5 19. Bf4 Nd5 20. Rd3 Qb6 21. Qh5 Rf8
22. Nc4 Qc6 23. Qh3 Nxf4 24. exf4 Qxa4 25. b3 Qc6 26. Rfd1 Ra8 27. Ne5 Qb5 28.
Rd7 Bd5 29. R7xd5 exd5 30. Bd3 Qb7 31. Bf5 Rd8 32. Re1 Rg8 33. Bh7 Rh8 34. Bf5
Kf8 35. Qh5 Bf6 36. Ng4 Bd4 37. Ne5 Bxe5 38. fxe5 g6 39. Qh4 Qe7 40. Qf4 gxf5
41. e6 fxe6 42. Qe5 Rg8 43. g3 Rg7 44. Ra1 Ra8 45. Ra4 Kg8 46. Kf1 Rg6 47. h4 d4
48. h5 Rg7 49. Rc4 Rc8 50. Qf4 Qf6 51. Qd6 Qe7 52. Qa6 Qd7 53. Qxa5 f4 54. g4
Rxg4 55. Qb6 Rg5 56. b4 Qd5 57. Rxc5 Rxc5 58. bxc5 Qc4+ 0-1

[Event "World Blitz Women 2022"]
[Site "Almaty KAZ"]
[Date "2022.12.29"]
[Round "2.4"]
[White "Dzagnidze, Nana"]
[Black "Kamalidenova, Meruert"]
[Result "1-0"]
[WhiteTitle "GM"]
[BlackTitle "WIM"]
[WhiteElo "2517"]
[BlackElo "2377"]
[WhiteFideId "13601903"]
[BlackFideId "13712802"]
[EventDate "2022.12.29"]

1. c4 Nf6 2. Nc3 g6 3. g3 Bg7 4. Bg2 O-O 5. d4 d6 6. Nf3 c5 7. O-O Nc6 8. dxc5
dxc5 9. Be3 Be6 10. Qa4 Qa5 11. Qxa5 Nxa5 12. b3 Rac8 13. Rac1 Ng4 14. Bf4 Nc6
15. Nd5 Bxd5 16. cxd5 Nb4 17. d6 exd6 18. Bxd6 Rfe8 19. Rxc5 Rxc5 20. Bxc5 Nxa2
21. Bxa7 Rxe2 22. h3 Nf6 23. Nd4 Re7 24. Nb5 Nb4 25. Rd1 h5 26. Nd6 Nc6 27. Bc5
Nd7 28. Nxb7 Nxc5 29. Nxc5 Nb4 30. Rd8+ Kh7 31. Rd7 Re1+ 32. Kh2 Kg8 33. Bd5
Nxd5 34. Rxd5 Rb1 35. Rd3 Bf8 36. Ne4 Kg7 37. Kg2 Rb2 38. g4 hxg4 39. hxg4 Be7
40. g5 Bb4 41. Kf3 Kf8 42. Kg4 Ke7 43. f4 Ke6 44. Nf6 Re2 45. Kf3 Rb2 46. Re3+
Kd6 47. Rd3+ Kc6 48. Kg4 Bc5 49. Ne4 Bb4 50. Kf3 Rb1 51. Nf6 Bc5 52. Ng4 Bd6 53.
Ne5+ Bxe5 54. fxe5 Rf1+ 55. Ke4 Rf5 56. Rd6+ Kc5 57. Rf6 Rxg5 58. Rxf7 Rg1 59.
Rc7+ Kb6 60. Rc2 Re1+ 61. Kd5 g5 62. e6 g4 63. Rg2 Kc7 64. Rxg4 Kd8 65. Rg8+ Ke7
66. Rg7+ Ke8 67. b4 Rd1+ 68. Kc6 Re1 69. Kd6 Rd1+ 70. Kc7 Re1 71. b5 Rxe6 72. b6
Re1 73. Rg6 Re7+ 74. Kc8 Re1 75. Rd6 Rc1+ 76. Kb8 Ke7 77. Rd4 Rc5 78. b7 Rc3 79.
Ka7 Ra3+ 80. Kb6 Rb3+ 81. Kc6 1-0

[Event "World Blitz Women 2022"]
[Site "Almaty KAZ"]
[Date "2022.12.29"]
[Round "2.5"]
[White "Harika, Dronavalli"]
[Black "Mkrtchyan, Mariam"]
[Result "1-0"]
[WhiteTitle "GM"]
[BlackTitle "WIM"]
[WhiteElo "2507"]
[BlackElo "2364"]
[WhiteFideId "5015197"]
[BlackFideId "13310828"]
[EventDate "2022.12.29"]

1. b3 d5 2. Bb2 Bf5 3. g3 e6 4. Bg2 Nf6 5. d3 Be7 6. Nd2 c5 7. e4 Bg6 8. Nh3 h6
9. Nf4 Bh7 10. O-O O-O 11. Qe2 Nc6 12. Rfe1 d4 13. e5 Nd7 14. Nc4 Rc8 15. a4 Qc7
16. Bc1 Nb4 17. Nh5 Rfd8 18. h4 Nf8 19. Qd1 b6 20. Bd2 Nd5 21. Nf4 Nxf4 22. Bxf4
Nd7 23. h5 Nb8 24. Qg4 Bf5 25. Qe2 Nc6 26. Bd2 Bh7 27. g4 a6 28. Bf3 Nb4 29.
Bxb4 cxb4 30. Be4 Bxe4 31. Qxe4 Bc5 32. Re2 Qc6 33. Qxc6 Rxc6 34. Kg2 Rc7 35. f4
Ra8 36. Kf3 Rca7 37. Ke4 b5 38. axb5 axb5 39. Rxa7 Rxa7 40. Nd6 Bxd6 41. exd6
Rd7 42. Kxd4 Rxd6+ 43. Kc5 Rd5+ 44. Kxb4 g6 45. hxg6 fxg6 46. Rxe6 Kf7 47. Re4
Kf6 48. c4 bxc4 49. dxc4 Rd2 50. c5 h5 51. gxh5 gxh5 52. c6 Rd8 53. Kc5 h4 54.
c7 Rc8 55. Kd6 Kf5 56. Re1 Kxf4 57. b4 h3 58. b5 h2 59. b6 Kg3 60. b7 1-0

[Event "World Blitz Women 2022"]
[Site "Almaty KAZ"]
[Date "2022.12.29"]
[Round "2.6"]
[White "Muminova, Nafisa"]
[Black "Arabidze, Meri"]
[Result "0-1"]
[WhiteTitle "WGM"]
[BlackTitle "IM"]
[WhiteElo "2274"]
[BlackElo "2427"]
[WhiteFideId "14201526"]
[BlackFideId "13604040"]
[EventDate "2022.12.29"]

1. e4 c5 2. Nf3 e6 3. d4 cxd4 4. Nxd4 Nc6 5. Nxc6 bxc6 6. Bd3 d5 7. O-O Nf6 8.
e5 Nd7 9. Bf4 Be7 10. Nd2 Bb7 11. c3 Qc7 12. Re1 Rb8 13. Qc2 g6 14. Nf3 c5 15.
Qe2 Bc6 16. Rab1 a5 17. Bg5 Bf8 18. Qe3 Bg7 19. Bh6 O-O 20. Qg5 f6 21. exf6 Rxf6
22. Qh4 Rxf3 23. gxf3 Ne5 24. Be2 Rf8 25. f4 Nf7 26. Bxg7 Kxg7 27. Bf3 Qd6 28.
Bg4 Qxf4 29. Qg3 Ng5 30. Qxf4 Rxf4 31. h3 h5 32. Bd1 Nxh3+ 33. Kg2 Ng5 34. f3 d4
35. cxd4 cxd4 36. Rc1 Nxf3 37. Bxf3 Bxf3+ 38. Kg3 g5 39. Rxe6 h4+ 40. Kh2 Bh5
41. Rc7+ Bf7 42. Ree7 Kg6 43. Ra7 g4 44. Ra6+ Kg7 45. Kg2 d3 46. Rd6 Kf8 47. Ra7
Rf3 48. Rd4 h3+ 49. Kg1 g3 50. Rad7 h2+ 51. Kg2 Rf2+ 52. Kh1 Rf1+ 53. Kg2 h1=Q+
54. Kxg3 Rf3+ 55. Kg4 Qh3+ 56. Kg5 Rf5# 0-1

[Event "World Blitz Women 2022"]
[Site "Almaty KAZ"]
[Date "2022.12.29"]
[Round "2.7"]
[White "Assaubayeva, Bibisara"]
[Black "Voit, Daria"]
[Result "1/2-1/2"]
[WhiteTitle "IM"]
[BlackTitle "WGM"]
[WhiteElo "2440"]
[BlackElo "2347"]
[WhiteFideId "13708694"]
[BlackFideId "4182146"]
[EventDate "2022.12.29"]

1. d4 Nf6 2. c4 e6 3. Nf3 d5 4. Nc3 Bb4 5. Qa4+ Nc6 6. e3 O-O 7. a3 Bxc3+ 8.
bxc3 Bd7 9. Qc2 Na5 10. cxd5 exd5 11. a4 Re8 12. Bd3 c5 13. dxc5 Qc7 14. Ba3 Ne4
15. Nd4 h6 16. Nb5 Qc6 17. Nd6 Nxd6 18. cxd6 d4 19. O-O dxe3 20. Bb5 Qc8 21.
fxe3 a6 22. Bxd7 Qxd7 23. Qd3 Rac8 24. Bb4 Nc4 25. Rae1 a5 26. Qf5 Qxf5 27. Rxf5
Red8 28. Bxa5 Rxd6 29. Bb4 Rd7 30. e4 Re8 31. h3 g6 32. Rf2 Rd3 33. Rf3 Rd2 34.
Rf2 Rd3 35. Rfe2 Ne5 36. Re3 Rd2 37. R3e2 Rd3 38. Rf2 Re6 39. Rff1 Re8 40. Rd1
Red8 41. Rxd3 Rxd3 42. Bc5 Rd2 43. Bd4 Nc6 44. Bf6 g5 45. Rb1 Rd7 46. Rb5 Kh7
47. a5 Kg6 48. e5 Na7 49. Rc5 Nc6 50. a6 Na7 51. axb7 Rxb7 52. Kf2 Nb5 53. Rc8
Nc7 54. Rg8+ Kf5 55. Rg7 Ne6 56. Rh7 Kg6 57. Rh8 Rc7 58. g4 Rxc3 59. Rg8+ Kh7
60. Re8 Rxh3 61. Re7 Kg6 62. Re8 Rb3 63. Rg8+ Kh7 64. Ra8 Rb4 65. Kg3 Rb3+ 66.
Kf2 Rc3 67. Rb8 Rd3 68. Ra8 Rb3 69. Rc8 Ra3 70. Rb8 Ra4 71. Kg3 Ra3+ 72. Kf2 Rc3
73. Rh8+ Kg6 74. Rg8+ Kh7 75. Rh8+ Kg6 76. Rg8+ 1/2-1/2

[Event "World Blitz Women 2022"]
[Site "Almaty KAZ"]
[Date "2022.12.29"]
[Round "2.8"]
[White "Pourkashiyan, Atousa"]
[Black "Ushenina, Anna"]
[Result "1/2-1/2"]
[WhiteTitle "WGM"]
[BlackTitle "GM"]
[WhiteElo "2321"]
[BlackElo "2454"]
[WhiteFideId "12502014"]
[BlackFideId "14110911"]
[EventDate "2022.12.29"]

1. e4 c5 2. Nf3 e6 3. d4 cxd4 4. Nxd4 a6 5. Bd3 Bc5 6. Nb3 Ba7 7. O-O Nc6 8. Kh1
Nf6 9. Nc3 d6 10. Qe2 O-O 11. Bg5 h6 12. Bh4 g5 13. Bg3 e5 14. Bc4 Ne7 15. Rad1
Qc7 16. Bd5 Rb8 17. a4 Kg7 18. Rfe1 Ng6 19. Rd2 h5 20. f3 h4 21. Bf2 Nf4 22. Qf1
Bxf2 23. Qxf2 b5 24. axb5 axb5 25. Red1 b4 26. Ne2 N4xd5 27. exd5 Bf5 28. Nec1
Rfc8 29. Nd3 Bxd3 30. cxd3 Nxd5 31. d4 Nf6 32. dxe5 dxe5 33. h3 Qb6 34. Qe2 Qe6
35. Qe3 Rc6 36. Qxg5+ Kf8 37. Qxh4 Qxb3 38. Qh8+ Ng8 39. Qxe5 Re8 40. Qf4 Qe3
41. Qg3 Qe5 42. Qg4 Rg6 43. Qxb4+ Kg7 44. Qc4 Qg3 45. Qd4+ Nf6 46. b4 Rh8 47.
Qe3 Re8 48. Qd4 Rh8 49. Qe3 Re8 50. Qd4 Rh8 51. Qe3 Re8 1/2-1/2

[Event "World Blitz Women 2022"]
[Site "Almaty KAZ"]
[Date "2022.12.29"]
[Round "2.9"]
[White "Tokhirjonova, Gulrukhbegim"]
[Black "Mammadzada, Gunay"]
[Result "1/2-1/2"]
[WhiteTitle "WGM"]
[BlackTitle "IM"]
[WhiteElo "2328"]
[BlackElo "2472"]
[WhiteFideId "14203626"]
[BlackFideId "13403729"]
[EventDate "2022.12.29"]

1. e4 c5 2. Nc3 d6 3. Nf3 Nf6 4. Bc4 e6 5. d4 cxd4 6. Nxd4 a6 7. a4 Nc6 8. O-O
Be7 9. Be3 Ne5 10. Be2 Qc7 11. f4 Nc4 12. Bc1 Bd7 13. Kh1 O-O 14. b3 Ne3 15.
Bxe3 Qxc3 16. Qd3 Rfc8 17. Rad1 h6 18. Bd2 Qc7 19. c4 d5 20. exd5 exd5 21. Nf5
Bxf5 22. Qxf5 dxc4 23. Bxc4 Qc5 24. Qxc5 Bxc5 25. Bc3 Ng4 26. Bd4 Bxd4 27. Rxd4
Ne3 28. Rb1 Nxc4 29. bxc4 Rc7 30. a5 Rac8 31. g3 Rxc4 32. Rxc4 Rxc4 33. Rxb7 Ra4
34. Rb8+ Kh7 35. Rb7 f5 36. Ra7 Rxa5 37. Kg2 Kg6 1/2-1/2

[Event "World Blitz Women 2022"]
[Site "Almaty KAZ"]
[Date "2022.12.29"]
[Round "2.10"]
[White "Gunina, Valentina"]
[Black "Beydullayeva, Govhar"]
[Result "1/2-1/2"]
[WhiteTitle "GM"]
[BlackTitle "WGM"]
[WhiteElo "2476"]
[BlackElo "2387"]
[WhiteFideId "4167570"]
[BlackFideId "13413015"]
[EventDate "2022.12.29"]

1. d4 Nf6 2. c4 e6 3. Nf3 b6 4. g3 Ba6 5. b3 Bb4+ 6. Bd2 Be7 7. Nc3 d5 8. cxd5
exd5 9. Bg2 Bb7 10. O-O O-O 11. Rc1 Nbd7 12. Rc2 Re8 13. Bc1 Nf8 14. Bb2 Ne6 15.
Ne5 c6 16. e3 Bd6 17. Ne2 Rc8 18. Nf4 Ng5 19. Nf3 Nge4 20. Nd3 Ba6 21. Re1 Ng4
22. h3 Ngf6 23. Nh4 g6 24. Nf3 Qe7 25. Nfe5 c5 26. Nf4 Bb7 27. Qd3 cxd4 28. exd4
Rxc2 29. Qxc2 Rc8 30. Qe2 Ba3 31. g4 Bxb2 32. Qxb2 Qb4 33. Re3 Qd2 34. Qxd2 Nxd2
35. Re2 Rc1+ 36. Kh2 Nb1 37. Nfd3 Rc7 38. Rb2 Na3 39. Rd2 Nb5 40. Nf4 Ne4 41.
Bxe4 dxe4 42. Nc4 Rd7 43. Ne2 Bd5 44. Kg3 Nd6 45. Ne3 Bb7 46. a4 g5 47. h4 h6
48. hxg5 hxg5 49. Rc2 Kg7 50. d5 Kg6 51. Nd4 Ne8 52. Ndf5 Nd6 53. Rd2 Nxf5+ 54.
Nxf5 Kf6 55. d6 Bc6 56. Rc2 Bd5 57. Rc7 Be6 58. Rxd7 Bxd7 59. Ne3 Ke5 60. Nc4+
Kd5 61. f3 exf3 62. Kxf3 Be6 63. Ke3 f5 64. gxf5 Bxf5 65. Kf3 Kc6 66. b4 Be6 67.
Nd2 Kxd6 68. Ne4+ Kd5 69. Nxg5 Bf5 70. Kf4 Bc2 71. a5 b5 72. Nf3 Kc4 73. Ne5+
Kxb4 74. Nc6+ Ka4 75. Nxa7 Kxa5 76. Nc6+ Ka4 77. Ke3 Bg6 78. Kd2 b4 79. Nxb4
Kxb4 1/2-1/2

[Event "World Blitz Women 2022"]
[Site "Almaty KAZ"]
[Date "2022.12.29"]
[Round "2.11"]
[White "Kovanova, Baira"]
[Black "Batsiashvili, Nino"]
[Result "0-1"]
[WhiteTitle "WGM"]
[BlackTitle "GM"]
[WhiteElo "2317"]
[BlackElo "2493"]
[WhiteFideId "4164083"]
[BlackFideId "13602993"]
[EventDate "2022.12.29"]

1. e4 e5 2. Nf3 Nc6 3. Bb5 Nge7 4. d4 Nxd4 5. Nxd4 exd4 6. Qxd4 Nc6 7. Bxc6 dxc6
8. Qxd8+ Kxd8 9. Nc3 Bb4 10. Bd2 Bd7 11. O-O-O Kc8 12. f3 a5 13. a3 Bc5 14. Ne2
Re8 15. Bc3 f6 16. Nd4 b6 17. Kb1 a4 18. Rd2 Bf8 19. Rhd1 c5 20. Ne2 Bd6 21. Ng3
Be6 22. Nh5 Bf8 23. Nf4 Bd6 24. Nxe6 Rxe6 25. g4 Kb7 26. h4 h5 27. Rg2 Rh8 28.
gxh5 Rxh5 29. Rxg7 Rxh4 30. Rf7 Rf4 31. Rd3 c4 32. Rd4 b5 33. Rd5 Kc6 34. Rf5
Rxf5 35. exf5 Re3 36. Rxf6 Rxf3 37. Ka2 Kd5 38. Rf7 c5 39. f6 b4 40. axb4 cxb4
41. Bd2 b3+ 42. cxb3 axb3+ 43. Kb1 Rf1+ 44. Bc1 Bf4 45. Rd7+ Ke6 0-1